| 000 | 00457nam a2200133Ia 4500 | ||
|---|---|---|---|
| 999 |
_c5597 _d5597 |
||
| 008 | 201214s9999 xx 000 0 und d | ||
| 100 |
_aModi, Nikhil N. _94492 |
||
| 245 | 0 |
_aIndian marine directory 1983 : the complete reference book on Indian sub-continent shipping, 1983 _cby Nikhil N. Modi (Ed.) |
|
| 260 |
_aBombay _bDaily-Shipping Times _c1983 |
||
| 300 | _a157p. | ||
| 650 | 0 | _aMarine Directory | |
| 700 |
_94494 _aModi, Nikhil N. (Ed.) |
||
| 942 |
_cBK _2ddc |
||